| 000 | 005310000a22001810004500 | ||
|---|---|---|---|
| 003 | MACL | ||
| 005 | 20160223162956.0 | ||
| 008 | 160223b xxu||||| |||| 00| 0 eng d | ||
| 040 |
_aMACL _cMACL |
||
| 041 | _aHindi | ||
| 082 | _a686 | ||
| 100 |
_aआनन्द प्रकाश जैन _939836 |
||
| 245 | _aजिल्दबदी सीखो | ||
| 260 |
_bआत्माराम एण्ड संस _aदिल्ली |
||
| 350 | _a2 | ||
| 650 |
_aManufacture _939837 |
||
| 942 |
_cHIN _k686 _2ddc |
||
| 999 |
_c25297 _d25297 |
||